Größten Städte Europas Quiz - Statistiken

Allgemein
  • Dieses Quiz wurde 102 mal gespielt
  • Das Durchschnittsergebnis liegt bei 59 aus 100
Antwortstatistiken
Bevölkerung, Land Stadt-Name % Korrekt
3.770.800, Deutschland Berlin
100%
1.905.519, Deutschland Hamburg
100%
15.907.951, Türkei Istanbul
100%
8.866.180, Vereinigtes Königreich London
100%
3.340.176, Spanien Madrid
100%
12.455.682, Russland Moskau
100%
2.749.031, Italien Rom
100%
2.139.907, Frankreich Paris
99%
1.861.975, Polen Warschau
99%
2.952.301, Ukraine Kiew
98%
1.505.814, Deutschland München
98%
2.006.134, Österreich Wien
98%
1.655.956, Spanien Barcelona
97%
1.338.530, Tschechien Prag
96%
1.085.741, Deutschland Köln
95%
1.671.004, Ungarn Budapest
93%
1.716.961, Rumänien Bukarest
93%
1.280.334, Bulgarien Sofia
92%
1.349.930, Italien Mailand
89%
1.995.471, Belarus Minsk
89%
928.918, Niederlande Amsterdam
88%
568.996, Vereinigtes Köigreich Manchester
88%
984.685, Schweden Stockholm
88%
709.037, Norwegen Oslo
86%
632.592, Deutschland Stuttgart
86%
1.197.714, Serbien Belgrad
84%
873.076, Frankreich Marseille
84%
630.691, Deutschland Düsseldorf
82%
921.142, Italien Neapel
82%
665.523, Niederlande Rotterdam
82%
656.787, Dänemark Kopenhagen
81%
767.445, Kroatien Zagreb
81%
594.459, Deutschland Dortmund
80%
664.028, Finnland Helsinki
80%
545.796, Portugal Lissabon
80%
5.384.342, Russland Sankt Petersburg
80%
573.251, Deutschland Bremen
79%
588.233, Irland Dublin
79%
774.146, Deutschland Frankfurt
79%
637.798, Griechenland Athen
78%
1.157.603, Vereinigtes Königreich Birmingham
78%
586.787, Deutschland Essen
77%
522.250, Frankeich Lyon
77%
609.489, Lettland Riga
77%
803.282, Polen Krakau
75%
804.121, Spanien Valencia
75%
616.510, Deutschland Leipzig
74%
526.229, Deutschland Nürnberg
71%
564.864, Deutschland Dresden
70%
684.165, Spanien Sevilla
70%
848.748, Italien Turin
70%
598.176, Albanien Tirana
67%
547.499, Deutschland Hannover
66%
530.630, Belgien Antwerpen
62%
620.700, Vereinigtes Königreich Glasgow
62%
576.195, Litauen Vilnius
60%
635.439, Italien Palermo
59%
563.070, Niederlande Den Haag
57%
512.700, Vereinigtes Königreich Edinburgh
57%
596.841, Schweden Göteborg
56%
677.453, Moldawien Chisinau
55%
561.203, Italien Genua
55%
822.483, Vereinigtes Königreich Leeds
54%
526.502, Nordmazedonien Skopje
54%
901.645, Ukraine Donezk
53%
587.068, Spanien Malaga
51%
1.010.537, Ukraine Odessa
51%
1.421.125, Ukraine Charkiw
46%
717.273, Ukraine Lwiw
44%
674.079, Polen Breslau
40%
683.949, Spanien Saragossa
38%
1.004.763, Russland Wolgograd
38%
658.444, Polen Łódź
35%
541.316, Polen Posen
34%
566.242, Vereinigtes Königreich Sheffield
34%
1.257.341, Russland Kasan
32%
1.125.933, Russland Ufa
32%
1.244.254, Russland Nischni Nowgorod
30%
968.502, Ukraine Dnipro
25%
1.049.199, Russland Perm
20%
1.144.759, Russland Samara
19%
1.050.602, Russland Woronesch
19%
948.827, Russland Krasnodar
16%
1.137.704, Russland Rostow am Don
16%
830.155, Russland Saratow
11%
552.644,Vereinigtes Königreich Bradford
10%
572.819, Russland Orenburg
9%
601.403, Russland Jaroslawl
8%
693.072, Russland Toljatti
8%
524.371, Russland Astrachan
7%
710.052, Ukraine Saporischschja
7%
521.091, Russland Kirow
5%
516.450, Russland Pensa
5%
534.801, Russland Rjasan
5%
604.266, Russland Machatschkala
4%
625.462, Russland Uljanowsk
4%
646.468, Russland Ischewsk
3%
603.904, Ukraine Krywyj Rih
3%
507.307, Russland Balaschicha
2%
532.074, Russland Nabereschnyje Tschelny
2%
Keine übereinstimmenden Quizze gefunden
Verteilung der Resultate
Anzahl Personen mit jedem Resultat
Perzentil nach korrekt beantworteten Fragen
Ihre Resultats-Entwicklung
Sie haben dieses Quiz noch nicht gespielt